000 01024nam a22003737a 4500
005 20250204140307.0
008 200908b xxu||||| |||| 00| 0 spa d
020 _a9788491984900
041 _aspa
082 _a657.45 M765a
100 _aMontaño Hormigo, Francisco Javier
_958411
245 _aAuditoría de las áreas de la empresa
250 _a2 edición
260 _aEspaña
260 _bIC Editorial
260 _c2019
300 _a308 páginas
650 _aAUDITORÍA
650 _aAUDITORÍA DEL ACTIVO
650 _aAUDITORÍA DEL PATRIMONIO
650 _aAUDITORÍA DEL PASIVO
650 _aAUDITORÍA FISCAL
650 _aAPLICACIONES INFORMÁTICAS
650 _aCUENTAS ANUALES
650 _aINMOVILIZADO DE MATERIAL
650 _aINMOVILIZADO INTANGIBLE
650 _aACTIVOS FINANCIEROS
650 _aFONDOS PROPIOS
650 _aPROVEEDORES
650 _aCUENTAS POR PAGAR
650 _aPROVISIONES
650 _aESTADO DE FLUJO DE EFECTIVO
942 _cBK
_2ddc
999 _c12716
_d12716